MDQL
is popping MORE tags! Check the
thread
!
Quizzes
Events
Quiz Creation
Community
Videos
Private Events
Remove Ads
Sign In
Join for FREE
Feedback
Dark Mode
Quiz Categories
Sports
Geography
Music
Movies
Television
Just For Fun
Miscellaneous
History
Literature
Language
Science
Gaming
Entertainment
Religion
Holiday
For Kids
Quiz Lab
Recent
Popular Today
Quiz Kudos Today
Editor Picks
Curator Picks
Quizzes by...
Day
Popularity
Type
Ratings
Length
Year
Community
Subscriptions
Recent Discussions
Orange Saloon
Badges
Playlists
Quests
Create
Leaderboards
Showdown
Live 5
Trivia Bingo
Activity
Puzzle Library
Sporcle Events
Private Events
Virtual Trivia
Globe League
Become a Host
Pub Owners
SporcleCon
Opinionation
Our Games
Videos
Blog
Mobile Apps
Partnerships
Remove Ads and Go Orange
Feedback
Sports
Athletes
MLB
NBA
NHL
NFL
Soccer
Sports Teams
WWE
NCAA
Football
Premier League
Basketball
Baseball
Hockey
Golf
Tennis
Cricket
Rugby
Auto Racing
Olympics
World Cup
Sports
Athletes
MLB
NBA
NHL
NFL
Soccer
Sports Teams
WWE
NCAA
Football
Premier League
Basketball
Baseball
Hockey
Golf
Tennis
Cricket
Rugby
Auto Racing
Olympics
World Cup
Random Quiz
Search Sporcle
×
Quiz Lab
Quiz Lab
Sports
MLB
Type in answers that appear in a list
Type in answers that appear in a list
Classic
Best Score? Go Orange.
MLB First Five Seasons (Home Runs) Stats
Can you name the MLB players with the most home runs in their first five seasons in the majors?
By
ironsij0287
6m
39 Questions
4,391 Plays
4,391 Plays
4,391 Plays
Comments
Comments
Give Quiz Kudos
Give Quiz Kudos
-
- Ratings
hide this ad
More Info
Replay
Link that replays current quiz
Next Quiz
Link to next quiz in quiz playlist
You Got
0%
They Got
Avg Score
41%
Avg Friend Score
Upgrade to see
Score Distribution
Jump to the score distribution portion of the page
Score
0/39
Timer
06:00
0
Plays Today
Home Runs
Player
% Correct
201
Albert Pujols
95%
177
Ryan Howard
86.2%
140
Hank Aaron
85.4%
152
Willie Mays
75.3%
156
Mark McGwire
75%
165
Ted Williams
72.1%
142
Frank Thomas
71.2%
161
Ryan Braun
69.4%
160
Prince Fielder
68.5%
156
Todd Helton
68.4%
190
Eddie Mathews
62.8%
215
Ralph Kiner
62.4%
136
Vladimir Guerrero
62.2%
168
Joe DiMaggio
58.9%
147
Darryl Strawberry
55.9%
165
Frank Robinson
55.1%
136
Ernie Banks
52%
158
Adam Dunn
50.2%
170
Mark Teixeira
49.2%
138
Miguel Cabrera
47.2%
Home Runs
Player
% Correct
145
Khris Davis
45.5%
148
Nolan Arenado
44.2%
133
Eddie Murray
43%
133
Jim Rice
42%
148
Troy Glaus
38.5%
158
Mark Reynolds
38%
154
Dan Uggla
35.9%
158
Roger Maris
32.5%
157
Orlando Cepeda
30.2%
146
Jose Abreu
29.9%
163
Chuck Klein
25.5%
142
Johnny Mize
25.1%
134
Jay Bruce
23.9%
133
Bob Johnson
20.3%
137
Yoenis Cespedes
20.3%
138
Bob Horner
17.9%
136
Hal Trosky
8.6%
135
Wally Berger
5.7%
138
Gus Zernial
3.2%
Quiz Playlist
Details
Report
Send in Message
Add To Playlist
More Info:
Statistics current through the 2018 season.
Classic:
Type in answers that appear in a list
Quiz Source
Last Updated: Sep 24, 2018
Quiz Scoreboard
CHALLENGE
Sign Up to Join the Scoreboard
Show All
Scores
Hide
Comments
May contain spoilers
Recently Published
Street Fighter Characters
by Artimus82
Gaming
60s
9x9 Crossword: Cartoon Network
by jackfrog10
Miscellaneous
3m
College Basketball Coaching Resumes
by pancakes188
Sports
9m
More to Explore
Quiz From the Vault
Featured Blog Post
Where Did the Easter Bunny Come From?
hide this ad
You Might Also Like...
Tags
Baseball Quiz
MLB Quiz
Home Runs
Today's Top Quizzes in Sports
Browse Sports
hide this ad
Today's Top Quizzes in MLB
Browse MLB
Top Contributed Quizzes in Sports
1
2022 World Cup Stars
2
Les meilleurs buteurs des matchs entre le PSG et l’OM
3
FIFA Club World Cup Champions
4
Les entraîneurs de l'OM et du PSG au 21e siècle
5
Criteria MLB: Left Handed Sluggers
6
2023 MLB Unique Player Accomplishments
7
AFC Teams Reveal (Wrong Answers Minefield)
8
Players with Multiple 50 Home Run Seasons
9
5-to-1: FBS Animal Nicknames
10
5-to-1: UK Sports Teams
Explore More
Trending Topics
NBA
Anime
Harry Potter
Marvel
Disney
Crossword
Kpop
Puzzle
Soccer
The Office
Country
NFL
Pokémon
Song
WWE
hide this ad
More By:
ironsij0287
Quiz
Plays
Rating
Category
Featured
Created
Alphabetical US States
366,631
4.51
Geography
Sep 9, 2009
NBA Western Scoring Leaders (2000s)
315,061
4.60
Sports
Oct 3, 2010
MLB Home Run Leaders (1990s)
260,144
4.51
Sports
Aug 26, 2009
Beers of the World
255,902
4.10
Miscellaneous
Aug 4, 2009
NBA Eastern Scoring Leaders (2000s)
203,047
4.52
Sports
Oct 3, 2010
Go to Creator's Profile
Score Distribution
Quiz Creator Spotlight
ironsij0287
Follow
Send a Message
Quizzes Created
-
Created Quiz Play Count
-
More By This Creator
Popular Quizzes Today
1
Find the US States - No Outlines Minefield
2
Find the Countries of Europe - No Outlines Minefield
3
The Countries of the World
4
Find the US States
5
Risky Map Clicking: Biggest States A-Z
6
US States
7
Popular People in 1961
8
Movies - When Are They Set?
More Sports Quizzes
India - 50 highest individual Test Scores
Quiz Lab
Trending Quizzes
Risky Map Clicking: Least Populous States A-Z
1-10 Letter G Words
Risky Map Clicking: Next State Alphabetically
Adjectives in 80s TV Shows
The Seven Year Switch: Catherine
Recently Updated
Leaping Animals
pecheneg
Reality TV Shows (A-Z)
bhenderson79
Rickey Henderson's Hall of Fame Teammates
pecheneg
Champions League XIs: Arsenal
pecheneg
Quick Pick: Celebrities in WWE's Hall of Fame
aduchscher
A-Z Keypad Blitz II
pecheneg
Multiple Oscar Actors
pecheneg
Mystery Phrase Blitz: Oscar 'Best Actors'
pecheneg
F. Scott Fitzgerald Novels
LTH
Pick 3 Villains
ddd62291
Trending Topics
NBA
Kpop
Harry Potter
Anime
Marvel
Disney
Crossword
Soccer
WWE
NFL
Pokémon
The Office
Song
Puzzle
Country
Your Account Isn't Verified!
In order to create a playlist on Sporcle, you need to verify the email address you used during registration. Go to your
Sporcle Settings
to finish the process.
Report this User
Report this user for behavior that violates our
Community Guidelines
.
Details:
Send Report
Go to the Sporcle.com Mobile Site →
Comments